| 000 | 00551nam a2200181Ia 4500 | ||
|---|---|---|---|
| 008 | 090123s9999 xx 000 0 und d | ||
| 082 | _b37059 | ||
| 100 | _aपाटील नेताजी | ||
| 245 | _aप्रकाशयात्री | ||
| 250 | _a0 | ||
| 260 | _bअनघा प्रकाशन | ||
| 300 | _a95 | ||
| 600 | _aपाटील नेताजी | ||
| 630 | _aप्रकाशयात्री | ||
| 700 | _aपाटील नेताजी | ||
| 730 | _aप्रकाशयात्री | ||
| 942 | _cBOOK | ||
| 999 |
_c75124 _d75124 |
||